000 00679nam a2200205Ii 4500
003 JO-AjNU
008 230605s9999||||xx |||||||||||||| ||und||
040 _aJO-AjNU
_bara
_erda
_cJO-AjNU
041 _aara
050 1 4 _aBP145 1990
100 3 _aالسقاف،حسن بن علي,
_eauthor
_941155
245 0 0 _aاحتجاج الخائب بعبارة من ادعى الإجماع فهو كاذب
250 _aط1
264 3 1 _aعمان: مكتبة الامام النووي، 1990
300 _a64ص
336 _atext
_btxt
_2rdacontent
337 _aunmediated
_bn
_2rdamedia
338 _avolume
_bnc
_2rdacarrier
650 4 _aاصول الفقه الاسلامي
_941156
999 _aA17524
_c21092
_d21092